00573nam a22002057a 450000500170000001000130001702000220003003500130005203700160006504000120008108200160009310000210010924500970013026000410022727000100026830000210027850000200029965000330031965000150035220170124105938.0 aA-948856 c00.00a0195648897 aA-948856 bCen Lib/Ret aDPLbEN a320.542BHA aBharucha, Rustom aIn the name of the secular :cby Rustom Bharucha bcontemporary cultural activism in India / aDelhibOxford university pressc1998 bDelhi a197p. c21cm(Hb) aIncludes index  aCultural developmentzIndia  aSecularism